000 02653cam a2200589 i 4500
001 xx004687681
003 NUKAT
005 20260407130246.0
008 190827s2019 pl a g |001 0bpol c
020 _a9788380986251
_q(oprawa twarda) :
_czł 30,00
035 _a(OCoLC)1117295619
035 _a(NUKAT)xx004687681
040 _aSIEDL 001/EC
_bpol
_erda
_cSIEDL 001/EC
_dKAT U/JPs
_dPOZN U/EMs
_dGD 27/LKs
_dOLSZT 008/bak
045 2 _bd1927
_bd1990
046 _k2019
100 1 _aKaszewska-Jabłońska, Irena
_d(1927-2014).
_eAutor
_939542
245 1 0 _aZe wspomnień gdańskiej lekarki /
_cIrena Jabłońska-Kaszewska ; Instytut Pamięci Narodowej. Komisja Ścigania Zbrodni przeciwko Narodowi Polskiemu. Oddział w Gdańsku.
260 _aGdańsk ;
_aWarszawa :
_bInstytut Pamięci Narodowej,
_c2019.
300 _a239, [1] strona, [16] stron tablic :
_bilustracje ;
_c25 cm.
336 _aTekst
_btxt
_2rdacontent
337 _aBez urządzenia pośredniczącego
_bn
_2rdamedia
338 _aWolumin
_bnc
_2rdacarrier
380 _aKsiążki
380 _aLiteratura faktu, eseje, publicystyka
386 _mPrzynależność kulturowa
_aLiteratura polska
388 1 _a2001-
490 1 _aPublikacje Gdańskiego Oddziału IPN ;
_vt. 74
504 _aIndeks.
600 1 7 _aJabłońska-Kaszewska, Irena
_2DBN
_939536
600 1 7 _aKaszewska-Jabłońska, Irena
_d(1927-2014)
_vpamiętniki.
_2kaba
_939537
610 2 7 _aAkademia Lekarska (Gdańsk)
_2DBN
_939538
610 2 7 _aAkademia Medyczna (Gdańsk)
_2DBN
_939539
610 2 7 _aAkademia Lekarska (Gdańsk).
_2kaba
_939540
610 2 7 _aAkademia Medyczna (Gdańsk)
_y1945-
_vrelacje osobiste.
_2kaba
_939541
648 7 _a1901-2000
_2DBN
_934996
648 7 _a1945-1989
_2DBN
_936043
648 7 _a1989-2000
_2DBN
_936156
650 7 _aLekarze i lekarki
_2DBN
_936552
650 7 _aMedycyna
_2DBN
_939543
651 7 _aGdańsk (woj. pomorskie)
_2DBN
_935261
651 7 _aPolska
_2DBN
_935076
651 7 _aGdańsk (Polska)
_y1945-
_vrelacje osobiste.
_2kaba
_939544
651 7 _aToruń (Polska)
_y1939-1945 (Wojna i okupacja)
_vrelacje osobiste.
_2kaba
_939545
655 7 _aPamiętniki i wspomnienia
_2DBN
_935005
658 _aHistoria
658 _aMedycyna i zdrowie
710 2 _aInstytut Pamięci Narodowej - Komisja Ścigania Zbrodni przeciwko Narodowi Polskiemu.
_bOddział (Gdańsk).
_eInstytucja sprawcza
_914049
710 2 _aInstytut Pamięci Narodowej - Komisja Ścigania Zbrodni przeciwko Narodowi Polskiemu.
_eWydawca
_4pbl
_911792
830 0 _aPublikacje Gdańskiego Oddziału IPN
_vt. 74
_914050
920 _a978-83-8098-625-1 (oprawa twarda) : zł 30,00
942 _2ddc
_cBK_NM
999 _c27446
_d27446